Normale Ansicht MARC-Ansicht ISBD

Legendarnyj baron : (Titelsatznr. 39259)

[ MARC ]
MARC-Details
000 -Satzkennung
Kontrollfeld mit fester Länge 00902nam a22002411c 4500
001 - Kontrollnummer
Kontrollfeld a987677166
008 - Feld mit fester Länge zur physischen Beschreibung - Allgemeine Angaben
Kontrollfeld mit fester Länge 160920s2004 gw |||| 000u rus d
020 ## - Internationale Standardbuchnummer
Internationale Standardbuchnummer 5873171750
Verknüpfung 5-87317-175-0
041 ## - Sprachcode
Sprachcode des Textes/der Tonspur oder des separaten Titels rus
040 ## - Katalogisierungsquelle
Übertragungsstelle RU-10907106
003 - Kontrollnummer Identifier
Kontrollfeld RU-10907106
245 00 - Titel
Titel Legendarnyj baron :
Zusatz zum Titel neizvestnye stranicy graždanskoj vojny /
Verfasserangabe etc. Ungern fon Štërnberg, Roman F.; Tornovskij, Michail Georgievič (Verfasser); Kuz'min, Sergej L. (Hrsg.)
264 ## - Produktion, Veröffentlichung, Distribution, Herstellung und Urheberrechtsvermerk
Herstellungs-, Veröffentlichungs- Vertriebs-, Erzeugungsort Moskva :
Produzent, Herausgeber, Distributor, Hersteller Tovariščestvo naučnych izdanij KMK,
Datum der Herstellung, der Veröffentlichung, des Vertriebs oder des Urheberschutzvermerks 2004
490 #0 - Gesamttitelangabe
Gesamttitelangabe Sfera Evrazii
600 #0 - Nebeneintragung unter einem Schlagwort - Personenname
Personenname Ungern fon Štërnberg, Roman F.
600 #0 - Nebeneintragung unter einem Schlagwort - Personenname
Personenname Tornovskij, Michail Georgievič
650 #0 - Nebeneintragung unter einem Schlagwort - Sachschlagwort
Sachschlagwort oder geografischer Name als Eintragungselement Russischer Bürgerkrieg <1917-1921>
651 #0 - Nebeneintragung unter einem Schlagwort - Geografischer Name
Geografischer Name Mongolei
700 1# - Nebeneintragung - Personenname
Personenname Kuz'min, Sergej L.
Funktionsbezeichnung HerausgeberIn
700 1# - Nebeneintragung - Personenname
Personenname Tornovskij, Michail Georgievič
Funktionsbezeichnung HerausgeberIn
700 1# - Nebeneintragung - Personenname
Personenname Ungern fon Štërnberg, Roman F.
Funktionsbezeichnung HerausgeberIn
942 ## - Zusätzliche Felder (Koha)
Koha-Medientyp Monographien
Exemplare
Ausgeschieden Verloren Klassifikation oder Aufstellungssystematik Beschädigt Nicht entleihbar Heimatbibliothek Aufenthaltsbibliothek Aufstellungsort Erwerbungsdatum Inventarnummer Signatur Barcode Letzte Aktivität Preis gültig von Koha-Medientyp
    Andere/Generische Klassifikation     MWN Osteuropa MWN Osteuropa Magazin - 2 20/09/2016 16-03052 Ersatzß R 61 rj Kuz 2 E00401507909A3F4 23/02/2021 22/03/2021 Monographien